000 00691nam a2200277Ia 4500
005 20260324140045.0
008 008 260324s9999 xx 000 0 eng d
020 _a9780203486559
037 _aEBOOK
040 _aCRL
040 _beng
040 _cCRL
041 _2eng
041 _aeng
084 _qCRL
100 _aMike Harrison; Mr Mike Harrison; Mike Wintle
_91202969
245 0 _aCoordinating Assessment Practice Across the Primary School
260 _bTaylor and Francis
260 _c1999
365 _a
365 _b230
856 _uhttp://www.taylorfrancis.com/books/9780203486559
942 _cEBOOK
999 _c1804622
_d1804622